00714nam a2200205 a 450000100100000000500170001000800410002702000150006804000250008308200150010824501180012326000730024130000280031449000100034265000370035265000390038970000340042870000360046283000100049800001886220200929165854.0100519s1999 dr a 000 0 spa d a9685081026 aDO-SdBNPbspacBNPHU a861bF477p00aFiguras piedadenses /cEstudio introductorio de José Antonio Martínez A. ; prólogo de Ramón Maya Morales. aLa Piedad Michoacan, [México] :bAyuntamiento de la Piedad,c1999. a451 p. :bil. ;c23 cm.1 aObras 4aPoesía españolaxColecciones 4aLiteratura españolaxColecciones1 aMartínez A. José Antonio,1 aMaya Morales, Ramón,epról. 0aObras